000 00518nam a22001577a 4500
003 OSt
005 20201023151430.0
008 201023b 1983 dr a 00| 0 eng d
040 _aDO-SdBNP
_bspa
_cBNPHU
100 1 _aMolina, Luis Henry
_977012
245 1 0 _aNuevo sistema de seguridad social /
_cLuis Henry Molina
260 _aSanto Domingo :
_bInstituto Nacional de Estudios Laborales,
_c1983.
300 _a122 p. :
_bil. ;
_c21 cm.
500 _aIncluye datos del autor en la contracubierta.
942 _2ddc
_cLBS1
999 _c48957
_d48957